| 000 | 00812nam a2200229 u 4500 | ||
|---|---|---|---|
| 005 | 20210223133858.0 | ||
| 008 | 190828s2004 mx r 000 0 spa d | ||
| 020 | _a9707222735 | ||
| 035 | _aUPN01000232502 | ||
| 049 | _aCG | ||
| 050 | 4 |
_aQC981.8 C5 _bA5.2 |
|
| 100 | 1 |
_aAntal, Edit _938308 |
|
| 245 | 1 | 0 |
_aCambio climático : _bdesacuerdo entre Estados Unidos y Europa / _cEdit Antal. |
| 260 |
_aMéxico : _bCISAN : _bPlaza y Valdés, _c2004. |
||
| 300 |
_a243 p. : _bfigs., cuadros |
||
| 440 | 0 | _aPolítica | |
| 650 | 4 |
_aCAMBIOS CLIMATICOS - _xPOLITICA GUBERNAMENTAL - _zPAISES DE LA UNION EUROPEA _927859 |
|
| 650 | 4 |
_aCAMBIOS CLIMATICOS - _xPOLITICA GUBERNAMENTAL - _zESTADOS UNIDOS _927860 |
|
| 650 | 4 |
_aCAMBIO AMBIENTAL GLOBAL - _xCOOPERACION INTERNACIONAL _927862 |
|
| 905 | _aLibro | ||
| 999 |
_c204597 _d204597 |
||